Kisah Aidit mati; (Record no. 87101)

MARC details
000 -LEADER
fixed length control field 00551cam a22002051 4500
001 - CONTROL NUMBER
control field sa 68016446
003 - CONTROL NUMBER IDENTIFIER
control field DLC
005 - DATE AND TIME OF LATEST TRANSACTION
control field 20260227112654.0
008 - FIXED-LENGTH DATA ELEMENTS--GENERAL INFORMATION
fixed length control field 720608s1966 xx 000 0 ind
010 ## - LIBRARY OF CONGRESS CONTROL NUMBER
LC control number sa 68016446
035 ## - SYSTEM CONTROL NUMBER
System control number (OCoLC)327234
040 ## - CATALOGING SOURCE
Original cataloging agency DLC
Transcribing agency OAU
Modifying agency DLC
042 ## - AUTHENTICATION CODE
Authentication code premarc
050 00 - LIBRARY OF CONGRESS CALL NUMBER
Classification number DS644.1.A4
Item number D54
100 1# - MAIN ENTRY--PERSONAL NAME
Personal name Djaja, Putera.
245 00 - TITLE STATEMENT
Title Kisah Aidit mati;
Remainder of title gembong petualang G. 30 S.
260 ## - PUBLICATION, DISTRIBUTION, ETC.
Place of publication, distribution, etc. Medan,
Name of publisher, distributor, etc. "Harris"
Date of publication, distribution, etc. [1966]
300 ## - PHYSICAL DESCRIPTION
Extent 30 p.
Other physical details illus., plans, port.
Dimensions 27 cm.
600 10 - SUBJECT ADDED ENTRY--PERSONAL NAME
Personal name Aidit, D. N.,
Dates associated with a name 1923-1965.

No items available.

Powered by Koha